Names That Sound Familiar Quiz Stats

 Plays Quiz Updated May 11, 2015

Challenge
Share
Tweet
Embed
Score 0/30 Timer 09:00
2 Plays Today
Clue Famous Name % Correct
Christian house of worshipCHURCHILL
90.7%
Daddy ____legsLONGFELLOW
85.6%
Water barriers around castlesMOZART
82.7%
What we breatheEARHART
81.8%
Stage productionPLATO
81.3%
Cut the grassMONET
77.2%
Actress FawcettFARADAY
75.2%
Opposite of a row on a spreadsheetCOLUMBUS
75%
Only even prime numberTUTU
74.4%
____, rattle and rollSHAKESPEARE
74.2%
Hot off the ____ PRESLEY
72.7%
Boy ___ Cried WolfHUSSEIN
70.8%
Bird of prey or an Atlanta NBAerHAWKING
70.7%
Product extracted from a mineORWELL
67.1%
Sneaker or loaferSCHUBERT
66.8%
Clue Famous Name % Correct
___-per-viewPELÉ
65.6%
Period of time marked by distinctive eventsARAFAT
65.1%
Part of a skeletonBONAPARTE
64.2%
Overcome one's opponentWINFREY
64.1%
Electrical unit (or a Chevy hybrid)VOLTAIRE
61.7%
Brother of Orville WrightWILBERFORCE
61.6%
What to do under the mistletoeKISSINGER
59.4%
Norse god of thunderTHOREAU
57.6%
If I didn't ____ any betterNOBEL
57.5%
24 hoursDESCARTES
54.3%
'____ with the Wind' GANDHI
54.3%
'Hello ____!' (Streisand movie)DALAI LAMA
53.6%
Actors in a playCASTRO
51.6%
Vegetable in a podPIAF
35.7%
Do, re, __ MITTERRAND
35.7%

You're not logged in!

Compare scores with friends on all Sporcle quizzes.
OR
Log In

You Might Also Like...

Show Comments

Extras

Top Quizzes Today


Score Distribution

Your Account Isn't Verified!

In order to create a playlist on Sporcle, you need to verify the email address you used during registration. Go to your Sporcle Settings to finish the process.

Report this User

Report this user for behavior that violates our Community Guidelines.

Details: